00321nam a2200121Ia 4500008004100000041000800041082001400049100001800063245004400081260003300125300003000158365001100188240624s9999 xx 000 0 und d aeng a651.7 SAN aSANDLER COREY a1001 BUSINESS LETTERS FOR ALL OCCASIONS c2010aNew DelhibAadamsmedia aix, : 432 : p. : cm. ; 23 cRSb30